La invencion del quijote : (Registro nro. 48406)

Detalles MARC
000 -LEADER
fixed length control field 01142nam a2200277 4500
001 - CONTROL NUMBER
control field 0000021945
003 - CONTROL NUMBER IDENTIFIER
control field CO-CtgCURN
005 - DATE AND TIME OF LATEST TRANSACTION
control field 20250506215346.0
008 - FIXED-LENGTH DATA ELEMENTS--GENERAL INFORMATION
fixed length control field 160627s2005 000 0 eng d
020 ## - INTERNATIONAL STANDARD BOOK NUMBER
International Standard Book Number 8466315454
040 ## - CATALOGING SOURCE
Original cataloging agency CO-CtgCURN
Language of cataloging spa
Transcribing agency coctgcurn
082 0# - DEWEY DECIMAL CLASSIFICATION NUMBER
Classification number 863
Item number A973i
100 1# - MAIN ENTRY--PERSONAL NAME
Personal name Ayala, Francisco Javier de,
Dates associated with a name 1906-2009.
245 13 - TITLE STATEMENT
Title La invencion del quijote :
Remainder of title como problema tecnico-literario /
Statement of responsibility, etc. por Francisco Ayala.
250 ## - EDITION STATEMENT
Edition statement 2a ed.
260 ## - PUBLICATION, DISTRIBUTION, ETC.
Place of publication, distribution, etc. Madrid :
Name of publisher, distributor, etc. Litografia roses,
Date of publication, distribution, etc. 2005.
300 ## - PHYSICAL DESCRIPTION
Extent 364 p.
336 ## - CONTENT TYPE
Source rdacontent
337 ## - MEDIA TYPE
Source rdamedia
Media type term sin mediacion
Media type code n
338 ## - CARRIER TYPE
Source rdacarrier
Carrier type term volumen
Carrier type code nc
505 8# - FORMATTED CONTENTS NOTE
Formatted contents note Un caballero cervantino.--Cervantes y yo.--Don quijote de la mancha.--Un destino y un heroe.--La invencion del quijote.--Cervantes, abyecto y ejemplar.--Letras de cambio en el siglo de oro.--Experiencia viva y creacion poetica un problema del quijote
600 10 - SUBJECT ADDED ENTRY--PERSONAL NAME
Personal name Cervantes Saavedra, Miguel de
General subdivision Critica e interpretacion .,
Dates associated with a name 1547-1616.
908 ## - PUT COMMAND PARAMETER (RLIN)
Put command parameter 160627
942 ## - ADDED ENTRY ELEMENTS (KOHA)
Koha item type Libros
Classification part 863
Item part A973i
Source of classification or shelving scheme Dewey Decimal Classification
999 ## - SYSTEM CONTROL NUMBERS (KOHA)
-- 1
Existencias
Withdrawn status Lost status Source of classification or shelving scheme Damaged status Not for loan Collection Home library Current library Shelving location Date acquired Inventory number Total checkouts Full call number Barcode Date last seen Price effective from Koha item type Public note
    Dewey Decimal Classification     General Miguel Henríquez Castañeda Miguel Henríquez Castañeda General 03/04/2019 015133   863 A973i 015133 03/04/2019 03/04/2019 Libros 860-LITEP